Central Library OPAC University of Rajshahi
Normal view MARC view

Entry Personal Name

Number of records used in: 3

001 - CONTROL NUMBER

  • control field: 369

003 - CONTROL NUMBER IDENTIFIER

  • control field: BD-RjUL

005 - DATE AND TIME OF LATEST TRANSACTION

  • control field: 20211226123310.0

008 - FIXED-LENGTH DATA ELEMENTS

  • fixed length control field: 211226|| aca||aabn | a|a d

040 ## - CATALOGING SOURCE

  • Original cataloging agency: BD-RjUL
  • Transcribing agency: BD-RjUL

100 ## - HEADING--PERSONAL NAME

  • Personal name: Bukhārī, Muḥammad ibn Ismāʿīl,
  • Dates associated with a name: 810-870.
  • Title of a work: Jāmiʿ al-ṣaḥīḥ

670 ## - SOURCE DATA FOUND

  • Source citation: Work cat.: (BD-RjUL)78954: عبد الودود, عبد الحليم محمد ;; Abdul-Wadood, Abdul-Halim Mohamad 1372-1449. 246076, صحيح البخاري بشرح فتح الباري ;; Ṣaḥīḥ al-Bukhārī sharḥ Fatḥ al-bārī, 1959